<?xml version="1.0" encoding="UTF-8"?>
<record
    xmlns:xsi="http://www.w3.org/2001/XMLSchema-instance"
    xsi:schemaLocation="http://www.loc.gov/MARC21/slim http://www.loc.gov/standards/marcxml/schema/MARC21slim.xsd"
    xmlns="http://www.loc.gov/MARC21/slim">

  <leader>00718nam a22001817a 4500</leader>
  <controlfield tag="005">20170531161643.0</controlfield>
  <datafield tag="020" ind1=" " ind2=" ">
    <subfield code="c">945.00</subfield>
    <subfield code="a">9789350719855</subfield>
  </datafield>
  <datafield tag="035" ind1=" " ind2=" ">
    <subfield code="a">B-666064</subfield>
  </datafield>
  <datafield tag="037" ind1=" " ind2=" ">
    <subfield code="a">DPL</subfield>
    <subfield code="b">Variety </subfield>
  </datafield>
  <datafield tag="082" ind1=" " ind2=" ">
    <subfield code="a">346.54066</subfield>
  </datafield>
  <datafield tag="100" ind1=" " ind2=" ">
    <subfield code="a">Kapoor, G.K.</subfield>
  </datafield>
  <datafield tag="245" ind1=" " ind2=" ">
    <subfield code="a">Company law and practice-II /</subfield>
    <subfield code="c">by G.K. Kapoor</subfield>
    <subfield code="b">a comprehensive text book on companies act 2013 /</subfield>
  </datafield>
  <datafield tag="250" ind1=" " ind2=" ">
    <subfield code="a">21st ed.</subfield>
  </datafield>
  <datafield tag="260" ind1=" " ind2=" ">
    <subfield code="a">New Delhi</subfield>
    <subfield code="b">Sultan Chand and Company</subfield>
    <subfield code="c">2016</subfield>
  </datafield>
  <datafield tag="300" ind1=" " ind2=" ">
    <subfield code="a">I-11,1117p.</subfield>
    <subfield code="c">21cm (pbk)</subfield>
  </datafield>
  <datafield tag="942" ind1=" " ind2=" ">
    <subfield code="2">ddc</subfield>
    <subfield code="c">EN</subfield>
    <subfield code="h">346.54066</subfield>
    <subfield code="m">KAP</subfield>
  </datafield>
  <datafield tag="999" ind1=" " ind2=" ">
    <subfield code="c">140641</subfield>
    <subfield code="d">140641</subfield>
  </datafield>
  <datafield tag="952" ind1=" " ind2=" ">
    <subfield code="0">0</subfield>
    <subfield code="1">0</subfield>
    <subfield code="4">0</subfield>
    <subfield code="7">0</subfield>
    <subfield code="8">NFIC</subfield>
    <subfield code="a">AV</subfield>
    <subfield code="b">AV</subfield>
    <subfield code="d">2017-05-31</subfield>
    <subfield code="e">BPPD/EN/2015-16/AV/16-17/410/15.2.2017/IN1434/7.3.2017/ 10.3.2017</subfield>
    <subfield code="g">945.00</subfield>
    <subfield code="l">10</subfield>
    <subfield code="m">2</subfield>
    <subfield code="o">346.54066 KAP</subfield>
    <subfield code="p">B-666064</subfield>
    <subfield code="r">2023-06-16 00:00:00</subfield>
    <subfield code="s">2023-06-16</subfield>
    <subfield code="t">1</subfield>
    <subfield code="v">945.00</subfield>
    <subfield code="w">2017-05-31</subfield>
    <subfield code="y">EN</subfield>
  </datafield>
</record>
